| 000 | 01273nam a2200301 c 4500 | ||
|---|---|---|---|
| 999 |
_c136742 _d136742 |
||
| 003 | BLK | ||
| 005 | 20230418111131.0 | ||
| 008 | 180409b bul|||||r ||||||| ||bul|| | ||
| 010 | _aKNG00142698000 | ||
| 040 | _aBLK | ||
| 041 |
_aBUL _cBUL |
||
| 080 |
_aБългарска литература _b821.163.2 _x(081.2) _z821.163.2(081.2) |
||
| 080 |
_aБългарска литература _b821.163.2 _x-32 _z821.163.2-32 |
||
| 100 |
_9429765 _aРадичков, Йордан Димитров _d1929-2004 |
||
| 139 |
_aРадичков, Йордан Димитров _bР 14 |
||
| 245 | 1 | 0 |
_aИзбрани произведения _bВ 3 т. _cЙордан Димитров Радичков. _nТ. 1 _pРазкази |
| 257 | _aBGR | ||
| 260 |
_bБълг. писател _c1989 _fВ. Търново : Д. Найденов |
||
| 300 | _c21 см | ||
| 380 | _aX | ||
| 505 | _tНовели | ||
| 760 | 1 |
_aРадичков, Йордан Димитров _d1989 _h376 с. _n11 612 тир. _tТ. 1 Разкази |
|
| 852 | _aЦб 159880 | ||
| 856 | 4 |
_qpdf _i0.00 _ldisable |
|
| 856 | 4 |
_qpdf _i0.00 _ldisable |
|
| 942 |
_cKNG _n0 _04 _s1 |
||
| 944 |
_aCR _c15.05.2013 _l15.05.2013 - от С1,Р / 15.05.2013 _kСевдалина_Василева |
||
| 944 |
_aED _c15.05.2013 _l15.05.2013 - от С1,Р / 15.05.2013 |
||
| 999 | _d136742 | ||
| 999 | _d136742 | ||